LEADER 03503nam 2201069z- 450 001 9910557339503321 005 20220111 035 $a(CKB)5400000000042483 035 $a(oapen)https://directory.doabooks.org/handle/20.500.12854/76333 035 $a(oapen)doab76333 035 $a(EXLCZ)995400000000042483 100 $a20202201d2021 |y 0 101 0 $aeng 135 $aurmn|---annan 181 $ctxt$2rdacontent 182 $cc$2rdamedia 183 $acr$2rdacarrier 200 00$aUbiquitin and Autophagy 210 $aBasel, Switzerland$cMDPI - Multidisciplinary Digital Publishing Institute$d2021 215 $a1 online resource (294 p.) 311 08$a3-0365-1342-6 311 08$a3-0365-1341-8 330 $aThis book is a collection of articles from the Cells Special Issue on "Ubiquitin and Autophagy". It contains an Editorial and 13 articles at the intersection of ubiquitin- and autophagy-related processes. Ubiquitin is a small protein modifier that is widely used to tag proteins, organelles, and pathogens for their degradation by the ubiquitin-proteasome system and/or autophagy-lysosomal pathway. Interestingly, several ubiquitin-like proteins are at a core of the autophagy mechanism. This book dedicates a lot of attention to the crosstalk between the ubiquitin-proteasome system and autophagy and serves as a good starting point for the readers interested in the current state of the knowledge on ubiquitin and autophagy. 606 $aBiology, life sciences$2bicssc 606 $aResearch & information: general$2bicssc 610 $aaggrephagy 610 $aAPP 610 $aATG12~5/16 complex 610 $aAtg8 610 $aautophagy 610 $aautophagy initiation 610 $aautophagy-lysosome pathway 610 $aBECN1 610 $aC. elegans 610 $acargo receptors 610 $acrosstalk 610 $aCx43 610 $adegradation 610 $aDictyostelium 610 $aendosome 610 $aER-phagy 610 $aFIP200 610 $aGABARAP 610 $agap junction 610 $agloboid cell leukodystrophy 610 $aislet 610 $aLC3 610 $aleukodystrophies 610 $alipophagy 610 $aLIR motif 610 $alysophagy 610 $alysosome 610 $aMAPLC3 610 $amitophagy 610 $an/a 610 $aneurodegenerative diseases 610 $aNFAT5 610 $anucleophagy 610 $ap62 610 $aphagocytosis 610 $apinocytosis 610 $aplants 610 $aproteasome 610 $aPSMD14 610 $apsychosine 610 $aretrograde 610 $aretromer 610 $aSAR 610 $aselective autophagy 610 $asorting nexins 610 $athe ubiquitin-proteasome system 610 $atissue specificity 610 $atoll-like receptor 4 610 $aTRAF6 610 $atrafficking 610 $aubiquitin 610 $aubiquitin-like protein 610 $aubiquitin-proteasome system 610 $aubiquitination 610 $aUBL 610 $aunfolded protein response 610 $aUPR 610 $aUPS 610 $axenophagy 615 7$aBiology, life sciences 615 7$aResearch & information: general 700 $aNazarko$b Taras Y$4edt$01302979 702 $aNazarko$b Taras Y$4oth 906 $aBOOK 912 $a9910557339503321 996 $aUbiquitin and Autophagy$93026797 997 $aUNINA LEADER 01544nas 2200457- 450 001 9910894596803321 005 20240508160643.0 011 $a2392-8956 035 $a(OCoLC)956296694 035 $a(CKB)3710000000430753 035 $a(CONSER)--2017267014 035 $a(MiAaPQ)2036237 035 $a(DE-599)ZDB2863829-3 035 $a(EXLCZ)993710000000430753 100 $a20060630a20uu9999 --- a 101 0 $aeng 135 $aur||||||||||| 181 $ctxt$2rdacontent 182 $cc$2rdamedia 183 $acr$2rdacarrier 200 00$a"Mircea cel B?tr?n" Naval Academy scientific bulletin =$eAcademia Naval? "Mircea cel B?tr?n" buletin ?tiin?ific 210 1$aConstanta, Romania :$c"Mircea cel B?tr?n" Naval Academy Press 215 $a1 online resource 300 $aRefereed/Peer-reviewed 311 08$a1454-864X 517 1 $aAcademia Naval? "Mircea cel B?tr?n" buletin ?tiin?ific 517 1 $aScientific bulletin 517 1 $aScientific bulletin of Naval Academy 531 1 $aSci. Bull. 606 $aNaval art and science$zRomania$vPeriodicals 606 $aNaval art and science$2fast$3(OCoLC)fst01034937 607 $aRomania$2fast 608 $aPeriodicals.$2fast 608 $aPeriodicals.$2lcgft 615 0$aNaval art and science 615 7$aNaval art and science. 712 02$aAcademia Naval? "Mircea cel B?trân", 906 $aJOURNAL 912 $a9910894596803321 996 $a"Mircea cel B?tr?n" Naval Academy scientific bulletin$92067001 997 $aUNINA LEADER 01269nam0 22002891i 450 001 UON00012347 005 20231205101939.220 010 $a88-07-01448-3 100 $a20020107d1993 |0itac50 ba 101 $aita 102 $aIT 105 $a||||p ||||| 200 1 $aMusica$fYukio Mishima; trad. di Emanuele Ciccarella 210 $aMilano$cFeltrinelli$d1993 205 p. ; 23 cm 410 1$1001UON00010708$12001 $aˆI ‰Narratori 500 1$3UON00353017$aOngaku / Yukio Mishima$924850 606 $aLetteratura giapponese$xNarrativa$xSec. 20.$3UONC000232$2FI 620 $aIT$dMilano$3UONL000005 686 $aGIA VI BA$cGiappone - Letteratura moderna e contemporanea - Testi$2A 700 0$aMISHIMA Yukio$3UONV000615$0444515 712 $aFeltrinelli$3UONV246160$4650 801 $aIT$bSOL$c20260220$gRICA 912 $aUON00012347 950 $aSIBA - SISTEMA BIBLIOTECARIO DI ATENEO E ARCHIVIO STORICO$dSI GIA VI BA 357 N $eSI SA 76851 7 357 N 950 $aSIBA - SISTEMA BIBLIOTECARIO DI ATENEO E ARCHIVIO STORICO$dSI GIA VI BA 357 N (BIS) $eSI SA 94402 7 357 N (BIS) 996 $aOngaku$924850 997 $aUNIOR